000 00857nam a2200253 c 4500
003 BLK
005 20190913121256.0
008 180911b bul|||||r ||||||| ||bul||
010 _a003694
040 _aBLK
041 _aRUS
080 _z091(430:437.1)(091)
100 1 _aАРХАНГЕЛЬСКИЙ, А.
_eпърви автор
245 0 0 _aК истории немецкаго и чешкаго Луцидарiусов
260 _aКазань
_bИмпер. унив.
_c1897
300 _a106 с
_c25 см
380 _a0
490 _aЧастна колекция - Академик Михаил Арнаудов
_gДарение - Основен фонд
520 _aМихаил Арнаудов: подпис
655 _aРъкописи
700 1 _aА. С. Архангельский
852 _aМА 3758
942 _cKNG
_n0
944 _aCR
_c1994
999 _c344031
_d344031